Economics (Record no. 82634)

MARC details
000 -LEADER
fixed length control field 00745cab a22001815a 4500
001 - CONTROL NUMBER
control field L150764
008 - FIXED-LENGTH DATA ELEMENTS--GENERAL INFORMATION
fixed length control field 100901e20100827xxk f 000 0 eng d
035 ## - SYSTEM CONTROL NUMBER
System control number (Sirsi) u150764
041 0# - LANGUAGE CODE
Language code of text/sound track or separate title eng
100 1# - MAIN ENTRY--PERSONAL NAME
Personal name Rawlinson, Simon
245 01 - TITLE STATEMENT
Title Economics
Remainder of title procurement, refurbishment
260 ## - PUBLICATION, DISTRIBUTION, ETC.
Date of publication, distribution, etc. 2010
490 ## - SERIES STATEMENT
Series statement Building
Volume/sequential designation 275 (8643) 27 August 2010, 50-55(6)
520 ## - SUMMARY, ETC.
Summary, etc. Refurb can seem the ideal solution when budgets are tight; looks at how clients and contractors allocate risk and manage outcomes; types of refurbishment and implications for procurement; typical refurbishment and mitigation strategies; alternative procurement strategies; case study - efficiency challenge.
590 ## - LOCAL NOTE (RLIN)
Local note KA
690 ## - LOCAL SUBJECT ADDED ENTRY--TOPICAL TERM (OCLC, RLIN)
Topical term or geographic name as entry element Procurement
9 (RLIN) 6260
942 ## - ADDED ENTRY ELEMENTS (KOHA)
Suppress in OPAC 0
Holdings
Withdrawn status Lost status Source of classification or shelving scheme Damaged status Not for loan Home library Current library Shelving location Date acquired Total Checkouts Full call number Barcode Date last seen Copy number Price effective from Koha item type
    Dewey Decimal Classification     London London Journal article 01/09/2010   L150764 150764-1001 06/08/2019 1 06/08/2019 Journal article